ՄԱՅՐ ԱԹՈՌ ՍՈՒՐԲ ԷՋՄԻԱԾԻՆ

«ՎԱՉԵ ԵՎ ԹԱՄԱՐ ՄԱՆՈՒԿՅԱՆ» ՄԱՏԵՆԱԴԱՐԱՆ

Salzbergwerk Hallstatt. (Record no. 67624)

MARC details
000 -LEADER
fixed length control field 00542nam a22001817a 4500
003 - CONTROL NUMBER IDENTIFIER
control field SEM
005 - DATE AND TIME OF LATEST TRANSACTION
control field 20220608073943.0
008 - FIXED-LENGTH DATA ELEMENTS--GENERAL INFORMATION
fixed length control field 171103b xxu||||| |||| 00| 0 germ d
040 ## - CATALOGING SOURCE
Transcribing agency SEM
Original cataloging agency SEM
041 0# - LANGUAGE CODE
Language code of text/sound track or separate title germ.
080 ## - UNIVERSAL DECIMAL CLASSIFICATION NUMBER
Universal Decimal Classification number 930.26(43.6)/S-18
245 04 - TITLE STATEMENT
Title Salzbergwerk Hallstatt.
Remainder of title Quellen und Literaturauszüge zum "Mann im Salz".
Statement of responsibility, etc. Salinen Austria
260 ## - PUBLICATION, DISTRIBUTION, ETC.
Place of publication, distribution, etc. Hallstatt:
Name of publisher, distributor, etc. Musealvereines Hallstatt,
Date of publication, distribution, etc. 1989.
300 ## - PHYSICAL DESCRIPTION
Extent 41+[19] S.;
Other physical details ill.;
Dimensions 21 cm.
650 ## - SUBJECT ADDED ENTRY--TOPICAL TERM
Topical term or geographic name entry element Archeology
Geographic subdivision Hallstatt
710 ## - ADDED ENTRY--CORPORATE NAME
Corporate name or jurisdiction name as entry element Salinen Austria
942 ## - ADDED ENTRY ELEMENTS (KOHA)
Source of classification or shelving scheme Universal Decimal Classification
Koha item type Գրքեր/Books
Holdings
Withdrawn status Lost status Source of classification or shelving scheme Damaged status Not for loan Collection code Home library Current library Date acquired Inventory number Total Checkouts Full call number Barcode Date last seen Price effective from Koha item type Public note
    Universal Decimal Classification     Գրապահոց Մայր Աթոռ Սուրբ Էջմիածին «Վաչե և Թամար Մանուկյան» Մատենադարան Մայր Աթոռ Սուրբ Էջմիածին «Վաչե և Թամար Մանուկյան» Մատենադարան 03/11/2017 Germ-1439   930.26(43.6)/S-18 Germ-1439 03/11/2017 03/11/2017 Գրքեր/Books Սպասարկվում է ընթերցասրահ